[Event "BIH-chT1"]
[Site "Dvorovi"]
[Date "2016.08.09"]
[Round "4"]
[White "Bilic, Vladimir"]
[Black "Sekulic, Vlatko"]
[Result "1-0"]
[WhiteElo "2308"]
[BlackElo "2302"]
[PlyCount "81"]
[EventDate "2016.08.06"]
[EventType "team-tourn"]
[EventRounds "9"]
[EventCountry "BIH"]
[SourceTitle "CBM 174 Extra"]
[Source "ChessBase"]
[SourceDate "2016.10.10"]
[SourceVersion "1"]
[SourceVersionDate "2016.10.10"]
[SourceQuality "1"]

1. e4 d6 2. d4 Nf6 3. Bd3 e5 4. c3 d5 5. dxe5 Nxe4 6. Nf3 Nc6 7. h3 Be7 8. Nbd2 Nc5 9. Bc2 0-0 10. 0-0 f6 11. exf6 Bxf6 12. Nb3 Nxb3 13. Bxb3 Be6 14. Re1 Bf7 15. Bf4 Qd7 16. Qd3 Ne7 17. Ne5 Bxe5 18. Bxe5 c6 19. Rad1 Rfe8 20. c4 Ng6 21. Bc3 Rxe1+ 22. Rxe1 Re8 23. Rxe8+ Bxe8 24. cxd5 Bf7 25. d6 Bxb3 26. axb3 Nf4 27. Qc4+ Nd5 28. Be5 Kf8 29. Bg3 a6 30. Qd4 h6 31. Be5 Ke8 32. Qa7 Kf7 33. Qb8 Ke6 34. Bg3 Nf6 35. Qa7 Qf7 36. Qb6 Ne8 37. Qb4 Nf6 38. Qc4+ Nd5 39. Qg4+ Kf6 40. Qc8 Nb6 41. Qd8+ 1-0

[Event "BIH-chT 12th"]
[Site "Sarajevo"]
[Date "2013.06.21"]
[Round "7.2"]
[White "Dimitrijevic, Aleksandra"]
[Black "Sekulic, Vlatko"]
[Result "1/2-1/2"]
[WhiteElo "2262"]
[BlackElo "2295"]
[PlyCount "20"]
[EventDate "2013.06.15"]
[EventType "team-tourn"]
[EventRounds "9"]
[EventCountry "BIH"]
[SourceTitle "CBM 155 Extra"]
[Source "ChessBase"]
[SourceDate "2013.08.26"]
[SourceVersion "1"]
[SourceVersionDate "2013.08.26"]
[SourceQuality "1"]
[WhiteTeam "Siroki Brijeg"]
[BlackTeam "Zvornik Drina"]
[WhiteTeamCountry "BIH"]
[BlackTeamCountry "BIH"]

1. d4 d6 2. c4 g6 3. Nc3 Bg7 4. Nf3 Nd7 5. e3 e5 6. Be2 Ngf6 7. 0-0 0-0 8. Qc2 Re8 9. Rd1 a6 10. a3 Qe7 1/2-1/2

[Event "BIH-chT 12th"]
[Site "Sarajevo"]
[Date "2013.06.19"]
[Round "5.3"]
[White "Stanisic, Vlajko"]
[Black "Sekulic, Vlatko"]
[Result "1/2-1/2"]
[WhiteElo "2009"]
[BlackElo "2295"]
[PlyCount "81"]
[EventDate "2013.06.15"]
[EventType "team-tourn"]
[EventRounds "9"]
[EventCountry "BIH"]
[SourceTitle "CBM 155 Extra"]
[Source "ChessBase"]
[SourceDate "2013.08.26"]
[SourceVersion "1"]
[SourceVersionDate "2013.08.26"]
[SourceQuality "1"]
[WhiteTeam "Sokolac Glasinac"]
[BlackTeam "Zvornik Drina"]
[WhiteTeamCountry "BIH"]
[BlackTeamCountry "BIH"]

1. e4 d6 2. d4 Nf6 3. Nc3 Nbd7 4. g3 e5 5. Nge2 b5 6. Bg2 c6 7. a3 Be7 8. 0-0 Bb7 9. h3 0-0 10. Be3 a5 11. dxe5 dxe5 12. g4 Qc7 13. Ng3 Rfd8 14. Nf5 Bf8 15. Qc1 b4 16. Ne2 Ba6 17. Re1 Nc5 18. Neg3 Nfd7 19. axb4 axb4 20. b3 Ne6 21. Bf3 Ndc5 22. Qb2 Bb5 23. Rxa8 Rxa8 24. Ra1 Ra3 25. Rxa3 bxa3 26. Qxa3 Nxe4 27. Qa8 Nxg3 28. Nxg3 c5 29. c3 Bd7 30. Nf5 Bc8 31. Qc6 Qxc6 32. Bxc6 Nf4 33. Bxf4 exf4 34. Kg2 Be6 35. c4 h5 36. Kf3 hxg4+ 37. hxg4 Bxf5 38. gxf5 Bd6 39. Ke4 Kf8 40. Kd5 Ke7 41. f6+ 1/2-1/2

[Event "BIH-chT 12th"]
[Site "Sarajevo"]
[Date "2013.06.15"]
[Round "1.5"]
[White "Hadzovic, Amir"]
[Black "Sekulic, Vlatko"]
[Result "0-1"]
[WhiteElo "2212"]
[BlackElo "2295"]
[PlyCount "72"]
[EventDate "2013.06.15"]
[EventType "team-tourn"]
[EventRounds "9"]
[EventCountry "BIH"]
[SourceTitle "CBM 155 Extra"]
[Source "ChessBase"]
[SourceDate "2013.08.26"]
[SourceVersion "1"]
[SourceVersionDate "2013.08.26"]
[SourceQuality "1"]
[WhiteTeam "Sarajevo Alpong"]
[BlackTeam "Zvornik Drina"]
[WhiteTeamCountry "BIH"]
[BlackTeamCountry "BIH"]

1. e4 e5 2. Nf3 Nc6 3. Nc3 Nf6 4. Bb5 Bc5 5. d3 0-0 6. Bg5 Nd4 7. Bc4 c6 8. Nxd4 Bxd4 9. Qf3 b5 10. Bb3 a5 11. a4 b4 12. Nd1 d6 13. h3 Be6 14. Bxf6 Qxf6 15. Qxf6 gxf6 16. Bxe6 fxe6 17. Ke2 f5 18. c3 Bc5 19. Ne3 Rab8 20. Rab1 Rb7 21. exf5 Bxe3 22. fxe3 exf5 23. Rhf1 Kg7 24. Kd2 c5 25. Kc2 Kg6 26. Rf2 bxc3 27. bxc3 Rxb1 28. Kxb1 f4 29. Kc2 Kg5 30. g3 f3 31. e4 h5 32. Kd2 h4 33. gxh4+ Kf4 34. Ke1 Rb8 35. Rd2 Ke3 36. Rd1 f2+ 0-1

[Event "BIH-chT"]
[Site "Neum"]
[Date "2011.06.09"]
[Round "6.4"]
[White "Sekulic, Vlatko"]
[Black "Nikolic, Predrag"]
[Result "1/2-1/2"]
[WhiteElo "2295"]
[BlackElo "2630"]
[PlyCount "141"]
[EventDate "2011.06.04"]
[EventType "team-tourn"]
[EventRounds "9"]
[EventCountry "BIH"]
[SourceTitle "CBM 142 Extra"]
[Source "ChessBase"]
[SourceDate "2011.06.27"]
[SourceVersion "1"]
[SourceVersionDate "2011.06.27"]
[SourceQuality "1"]
[WhiteTeam "Obudovac"]
[BlackTeam "Sarajevo Bosna"]
[WhiteTeamCountry "BIH"]
[BlackTeamCountry "BIH"]

1. d4 d5 2. c4 dxc4 3. Nf3 a6 4. e3 Bg4 5. Bxc4 e6 6. 0-0 Nf6 7. Nc3 Nc6 8. h3 Bh5 9. b3 Bd6 10. Bb2 0-0 11. Be2 Qe7 12. Nd2 Bxe2 13. Nxe2 e5 14. dxe5 Nxe5 15. Nd4 g6 16. Qc2 Rfd8 17. Ne4 Nxe4 18. Qxe4 c5 19. Nf3 Nd3 20. Qxe7 Bxe7 21. Bc3 b5 22. Rad1 f6 23. Ne1 Ne5 24. Nc2 Nc6 25. e4 Rxd1 26. Rxd1 Rd8 27. Rxd8+ Bxd8 28. f4 Bc7 29. g3 g5 30. Ne3 gxf4 31. Nd5 Be5 32. gxf4 Bxc3 33. Nxc3 Kf7 34. Kf2 Ke6 35. Ke3 Ne7 36. Kd3 Kd6 37. Ke3 f5 38. exf5 Nxf5+ 39. Kd3 h6 40. Ne4+ Kd5 41. Nc3+ Kd6 42. Ne4+ Kc6 43. Nf6 Ng3 44. Ng4 h5 45. Ne3 Kd6 46. a3 Ke6 47. a4 Nf5 48. axb5 axb5 49. Nd1 Nd6 50. Nc3 Kf5 51. Ke3 b4 52. Nd5 Nb7 53. Ne7+ Ke6 54. Nc6 Kd6 55. Ne5 Na5 56. Ke4 Nxb3 57. Nc4+ Ke6 58. f5+ Kf6 59. Ne3 Nd4 60. Nd5+ Kg5 61. f6 Kg6 62. Nf4+ Kxf6 63. Nxh5+ Kg5 64. Nf4 b3 65. Nd3 Nc6 66. Nb2 Na5 67. Kd5 c4 68. Kd4 Kh4 69. Kc3 Kxh3 70. Nxc4 Nxc4 71. Kxb3 1/2-1/2

[Event "BIH-chT"]
[Site "Neum"]
[Date "2011.06.06"]
[Round "3.4"]
[White "Sekulic, Vlatko"]
[Black "Kurajica, Bojan"]
[Result "0-1"]
[WhiteElo "2295"]
[BlackElo "2531"]
[PlyCount "48"]
[EventDate "2011.06.04"]
[EventType "team-tourn"]
[EventRounds "9"]
[EventCountry "BIH"]
[SourceTitle "CBM 142 Extra"]
[Source "ChessBase"]
[SourceDate "2011.06.27"]
[SourceVersion "1"]
[SourceVersionDate "2011.06.27"]
[SourceQuality "1"]
[WhiteTeam "Obudovac"]
[BlackTeam "Bihac"]
[WhiteTeamCountry "BIH"]
[BlackTeamCountry "BIH"]

1. e4 c5 2. Nf3 Nc6 3. Bb5 e6 4. Bxc6 bxc6 5. d3 Ne7 6. Qe2 f6 7. 0-0 e5 8. Nh4 d6 9. Na3 g5 10. Qh5+ Kd7 11. Nf5 Nxf5 12. exf5 Qe8 13. Qf3 h5 14. Bd2 Rb8 15. Rfe1 Ke7 16. Bc3 Kf7 17. Nc4 Qd7 18. h3 g4 19. hxg4 hxg4 20. Qxg4 Qxf5 21. Qxf5 Bxf5 22. f4 d5 23. Na5 exf4 24. Nxc6 Rb6 0-1

[Event "Bar op"]
[Site "Bar"]
[Date "2007.04.01"]
[Round "3"]
[White "Sekulic, Vlatko"]
[Black "Grdinic, Petar"]
[Result "1-0"]
[WhiteElo "2279"]
[BlackElo "1895"]
[PlyCount "61"]
[EventDate "2007.03.30"]
[EventType "swiss"]
[EventRounds "9"]
[EventCountry "YUG"]
[SourceTitle "CBM 117 Extra"]
[Source "ChessBase"]
[SourceDate "2007.05.09"]
[SourceVersion "1"]
[SourceVersionDate "2007.05.09"]
[SourceQuality "1"]

1. e4 e5 2. Nf3 Nf6 3. Nxe5 d6 4. Nf3 Nxe4 5. Nc3 Nxc3 6. dxc3 Be7 7. Be3 Nc6 8. Qd2 Bf5 9. 0-0-0 Qd7 10. Rg1 a6 11. Be2 0-0-0 12. Nd4 Bf6 13. g4 Bg6 14. f4 Bxd4 15. cxd4 f6 16. d5 Nb8 17. Rg3 Rhe8 18. Bf2 Qa4 19. Rc3 Re7 20. Bc4 Rde8 21. Kb1 Re4 22. Bd3 R4e7 23. Rc4 Qd7 24. Bb6 Qxg4 25. f5 Qxc4 26. Bxc4 Bxf5 27. Bf2 Nd7 28. Bd3 Bg4 29. Rg1 Ne5 30. Rxg4 Nf3 31. Qd1 1-0

[Event "BIH-chT"]
[Site "Neum"]
[Date "2004.06.02"]
[Round "5.6"]
[White "Prelevic, Dusko"]
[Black "Sekulic, Vlatko"]
[Result "1-0"]
[WhiteElo "2328"]
[BlackElo "2295"]
[PlyCount "54"]
[EventDate "2004.05.29"]
[EventType "team"]
[EventRounds "9"]
[EventCountry "BIH"]
[SourceTitle "CBM 102"]
[Source "ChessBase"]
[SourceDate "2004.09.23"]
[SourceVersion "1"]
[SourceVersionDate "2004.09.23"]
[SourceQuality "1"]
[WhiteTeam "S Saraj"]
[BlackTeam "Bijeljina"]
[WhiteTeamCountry "BIH"]
[BlackTeamCountry "BIH"]

1. e4 d6 2. d4 Nf6 3. Nc3 Nbd7 4. Nf3 e5 5. Bc4 Be7 6. 0-0 0-0 7. Re1 c6 8. a4 b6 9. h3 a6 10. Bg5 Bb7 11. Ba2 b5 12. Qd2 b4 13. Nd1 c5 14. d5 Re8 15. Qd3 Nf8 16. Bc4 Bc8 17. a5 Ng6 18. c3 Nh5 19. Bd2 Nhf4 20. Qc2 Rb8 21. cxb4 cxb4 22. Bf1 b3 23. Qc6 Bb7 24. Qa4 Nf8 25. g3 N4g6 26. Qxb3 Nd7 27. Qa2 Bf6 1-0

[Event "BIH-chT 2nd"]
[Site "Jahorina"]
[Date "2003.06.26"]
[Round "8"]
[White "Sekulic, Vlatko"]
[Black "Goric, Esad"]
[Result "0-1"]
[WhiteElo "2285"]
[BlackElo "2329"]
[PlyCount "140"]
[EventDate "2003.06.21"]
[EventType "team-tourn"]
[EventRounds "9"]
[EventCountry "BIH"]
[SourceTitle "EXT 2019"]
[Source "ChessBase"]
[SourceDate "2018.10.10"]
[SourceVersion "1"]
[SourceVersionDate "2018.10.10"]
[SourceQuality "1"]
[WhiteTeam "Bijeljina SK Panteri"]
[BlackTeam "Bihac"]
[WhiteTeamCountry "BIH"]
[BlackTeamCountry "BIH"]

1. d4 Nf6 2. Nf3 d6 3. g3 Nbd7 4. Bg2 e5 5. 0-0 Be7 6. c4 0-0 7. Nc3 c6 8. Qc2 Re8 9. h3 Qc7 10. b3 Nf8 11. Be3 Ng6 12. Rad1 Bd7 13. Bc1 Rad8 14. e4 h5 15. Bg5 Nh7 16. Bxe7 Rxe7 17. dxe5 dxe5 18. Rd2 h4 19. Rfd1 Rde8 20. Rd6 Nhf8 21. Qd2 Bc8 22. Qg5 hxg3 23. fxg3 f6 24. Qe3 Ne6 25. Qxa7 Nh8 26. R6d2 Nf7 27. Qe3 Qa5 28. Ne2 g6 29. Nh2 Kg7 30. Rf1 Nh6 31. Nc1 Qc5 32. Qxc5 Nxc5 33. b4 Na6 34. a3 Be6 35. c5 Ra8 36. Rf3 Nc7 37. Bf1 f5 38. Re3 fxe4 39. Rxe4 Rxa3 40. Rxe5 Rxg3+ 41. Rg2 Rxg2+ 42. Bxg2 Rd7 43. Ne2 Rd1+ 44. Kf2 Kf6 45. Re4 Rd2 46. Ke1 Rb2 47. Rf4+ Kg7 48. Ng4 Nf5 49. Ne5 Ne3 50. Be4 Rxb4 51. Kf2 g5 52. Kxe3 gxf4+ 53. Nxf4 Rb3+ 54. Ned3 Bc4 55. Kd4 Bxd3 56. Nxd3 Kf6 57. h4 Ne6+ 58. Kc4 Ra3 59. Kb4 Ra2 60. h5 Rh2 61. Ka5 Rxh5 62. Kb6 Rh4 63. Bg2 Rd4 64. Bf1 Rd7 65. Nb4 Rd1 66. Bd3 Ke7 67. Bc2 Rd7 68. Bb3 Nf4 69. Ba4 Rd4 70. Ka5 Ne6 0-1

[Event "BIH-chT 2nd"]
[Site "Jahorina"]
[Date "2003.06.22"]
[Round "2"]
[White "Batinic, Predrag"]
[Black "Sekulic, Vlatko"]
[Result "1-0"]
[WhiteElo "2191"]
[BlackElo "2285"]
[PlyCount "68"]
[EventDate "2003.06.21"]
[EventType "team-tourn"]
[EventRounds "9"]
[EventCountry "BIH"]
[SourceTitle "EXT 2019"]
[Source "ChessBase"]
[SourceDate "2018.10.10"]
[SourceVersion "1"]
[SourceVersionDate "2018.10.10"]
[SourceQuality "1"]
[WhiteTeam "Sokolac Glasinac"]
[BlackTeam "Bijeljina SK Panteri"]
[WhiteTeamCountry "BIH"]
[BlackTeamCountry "BIH"]

1. Nf3 d6 2. d4 g6 3. g3 Bg7 4. Bg2 Nd7 5. c4 e5 6. Nc3 Ne7 7. 0-0 0-0 8. b3 exd4 9. Ne4 d3 10. Rb1 dxe2 11. Qxe2 Nc6 12. Bb2 Nde5 13. h3 Re8 14. Nxe5 dxe5 15. Rfe1 Qe7 16. Rbd1 Nd4 17. Qd2 Rd8 18. Qc1 Bf5 19. Bxd4 Rxd4 20. Rxd4 exd4 21. Ng5 Qd7 22. g4 Be6 23. Bxb7 Rd8 24. Nxe6 fxe6 25. c5 Qb5 26. Bg2 d3 27. Qg5 Qd7 28. c6 d2 29. Rd1 Qd6 30. h4 Be5 31. Qe3 Bd4 32. Qe4 Bc5 33. Bf3 Rf8 34. Qe2 Qf4 1-0

[Event "BIH-chT"]
[Site "Neum"]
[Date "2002.06.07"]
[Round "8.6"]
[White "Sekulic, Vlatko"]
[Black "Dizdarevic, Emir"]
[Result "0-1"]
[WhiteElo "2297"]
[BlackElo "2526"]
[PlyCount "46"]
[EventDate "2002.06.02"]
[EventType "team"]
[EventRounds "9"]
[EventCountry "BIH"]
[SourceTitle "CBM 090"]
[Source "ChessBase"]
[SourceDate "2002.09.20"]
[SourceVersion "1"]
[SourceVersionDate "2002.09.20"]
[SourceQuality "1"]
[WhiteTeam "Bijeljina"]
[BlackTeam "Sarajevo Bosna"]
[WhiteTeamCountry "BIH"]
[BlackTeamCountry "BIH"]

1. e4 d6 2. d4 Nf6 3. Nc3 e5 4. Nf3 Nbd7 5. Bc4 Be7 6. 0-0 0-0 7. a3 c6 8. Ba2 b5 9. Re1 Bb7 10. d5 a6 11. dxc6 Bxc6 12. Nd5 Rc8 13. Nxf6+ Nxf6 14. Qd3 h6 15. Bd2 Qc7 16. Nh4 Nxe4 17. Rxe4 Bxe4 18. Qxe4 Bxh4 19. Qxh4 Qxc2 20. Qb4 a5 21. Bb3 axb4 22. Bxc2 Rxc2 23. Bxb4 Rfc8 0-1

[Event "Serbia-chT"]
[Site "Jahorina"]
[Date "2001.08.15"]
[Round "5"]
[White "Lakic, Nikola"]
[Black "Sekulic, Vlatko"]
[Result "1/2-1/2"]
[WhiteElo "2326"]
[BlackElo "2290"]
[PlyCount "26"]
[EventDate "2001.08.11"]
[EventType "team"]
[EventRounds "9"]
[EventCountry "YUG"]
[SourceTitle "EXT 2002"]
[Source "ChessBase"]
[SourceDate "2001.11.25"]
[SourceVersion "1"]
[SourceVersionDate "2001.11.25"]
[SourceQuality "1"]

1. d4 d6 2. Nf3 Nf6 3. c4 c6 4. Nc3 Nbd7 5. e4 e5 6. Be2 Be7 7. 0-0 0-0 8. h3 a6 9. dxe5 dxe5 10. Be3 Qc7 11. Qc2 Bc5 12. Bxc5 Nxc5 13. Rad1 a5 1/2-1/2

[Event "Savic Mauzer Memorial"]
[Site "Bijeljina"]
[Date "2001.06.24"]
[Round "9"]
[White "Kazakov, Mikhail"]
[Black "Sekulic, Vlatko"]
[Result "0-1"]
[WhiteElo "2512"]
[BlackElo "2305"]
[PlyCount "62"]
[EventDate "2001.06.16"]
[EventType "tourn"]
[EventRounds "9"]
[EventCountry "YUG"]
[EventCategory "6"]
[SourceTitle "EXT 2002"]
[Source "ChessBase"]
[SourceDate "2001.11.25"]
[SourceVersion "1"]
[SourceVersionDate "2001.11.25"]
[SourceQuality "1"]

1. e4 e5 2. Nf3 Nc6 3. Bb5 Nf6 4. d3 d6 5. c4 Be7 6. Nc3 0-0 7. Bxc6 bxc6 8. d4 exd4 9. Nxd4 c5 10. Nc6 Qe8 11. Nxe7+ Qxe7 12. 0-0 Qe6 13. Qd3 Bb7 14. f3 Nd7 15. Nd5 Bxd5 16. exd5 Qf6 17. Rb1 Rfe8 18. Bd2 Ne5 19. Qc2 Qh4 20. b3 Re7 21. Rbe1 Rae8 22. Re4 Qh5 23. Rfe1 Qg6 24. Kf1 h6 25. Bc3 Qh5 26. h3 Kf8 27. Qf2 f5 28. R4e2 Nd3 29. Bxg7+ Kg8 30. Qg3 f4 31. Rxe7 Rxe7 0-1

[Event "Savic Mauzer Memorial"]
[Site "Bijeljina"]
[Date "2001.06.19"]
[Round "4"]
[White "Sekulic, Vlatko"]
[Black "Ianov, Viktor"]
[Result "0-1"]
[WhiteElo "2305"]
[BlackElo "2386"]
[PlyCount "72"]
[EventDate "2001.06.16"]
[EventType "tourn"]
[EventRounds "9"]
[EventCountry "YUG"]
[EventCategory "6"]
[SourceTitle "EXT 2002"]
[Source "ChessBase"]
[SourceDate "2001.11.25"]
[SourceVersion "1"]
[SourceVersionDate "2001.11.25"]
[SourceQuality "1"]

1. e4 d6 2. d4 g6 3. Nc3 Bg7 4. Be3 a6 5. Qd2 Nd7 6. a4 b6 7. f3 Bb7 8. Nge2 e6 9. g4 Ngf6 10. Ng3 h5 11. g5 Nh7 12. Bh3 0-0 13. 0-0 c5 14. dxc5 Nxc5 15. Nge2 Rc8 16. Rad1 Re8 17. Bg2 d5 18. exd5 exd5 19. f4 Qe7 20. Bd4 Ne4 21. Nxe4 dxe4 22. Bxg7 Kxg7 23. c3 e3 24. Qd4+ Kg8 25. Bxb7 Qxb7 26. Qd5 Qe7 27. h4 Nf8 28. b4 Red8 29. Qf3 Rd2 30. f5 Rc4 31. Nd4 Rcxd4 32. cxd4 e2 33. Rxd2 e1Q 34. Rdf2 Q1e3 35. Qd5 Qd7 36. Qa2 Qxf5 0-1

[Event "Bijeljina"]
[Site "Bijeljina Dvorovi"]
[Date "1994.??.??"]
[Round "2"]
[White "Sekulic, Vlatko"]
[Black "Dragovic, Nada"]
[Result "1-0"]
[WhiteElo "2315"]
[BlackElo "2015"]
[PlyCount "109"]
[EventDate "1994.??.??"]
[EventType "tourn"]
[EventRounds "13"]
[EventCountry "YUG"]
[SourceTitle "EXT 2002"]
[Source "ChessBase"]
[SourceDate "2001.11.25"]
[SourceVersion "1"]
[SourceVersionDate "2001.11.25"]
[SourceQuality "1"]

1. e4 d6 2. d4 g6 3. Nc3 Bg7 4. Be3 Nf6 5. Qd2 Nbd7 6. h3 e5 7. d5 Nc5 8. f3 Nh5 9. 0-0-0 Ng3 10. Rh2 0-0 11. Bc4 b6 12. Bg5 Bf6 13. h4 a6 14. Nge2 Nxe2+ 15. Bxe2 Bxg5 16. hxg5 f6 17. Rdh1 Rf7 18. gxf6 Qxf6 19. g3 b5 20. a3 Rb8 21. Rh6 b4 22. axb4 Rxb4 23. Bd1 Bd7 24. Qh2 Qg7 25. Qh4 Rb8 26. Qg5 Qf8 27. Qh4 Qg7 28. Qg5 Qf8 29. Nb1 Qe7 30. Qd2 Be8 31. Qh2 Rg7 32. Nd2 Qd7 33. Nc4 Rb4 34. Ne3 Qe7 35. Ng4 Na4 36. b3 Nc5 37. Rxh7 Rxh7 38. Qxh7+ Qxh7 39. Nf6+ Kf7 40. Nxh7 Kg7 41. Ng5 Kf6 42. Nh7+ Kg7 43. Kd2 a5 44. Ke3 c6 45. Ng5 cxd5 46. exd5 Kf6 47. f4 exf4+ 48. gxf4 Rb7 49. Bf3 a4 50. bxa4 Bxa4 51. c3 Re7+ 52. Kf2 Nd3+ 53. Kg3 Re3 54. Kh2 Re7 55. Ne4+ 1-0

[Event "Pula tt2"]
[Site "Pula"]
[Date "1990.??.??"]
[Round "5"]
[White "Sekulic, Vlatko"]
[Black "Bojic, Dusan"]
[Result "1-0"]
[WhiteElo "2305"]
[BlackElo "2300"]
[PlyCount "65"]
[EventDate "1990.??.??"]
[EventType "team"]
[EventRounds "11"]
[EventCountry "YUG"]
[SourceTitle "EXT 2000"]
[Source "ChessBase"]
[SourceDate "1999.11.16"]
[SourceVersion "1"]
[SourceVersionDate "1999.11.16"]
[SourceQuality "1"]

1. e4 e5 2. Nf3 Nc6 3. d4 exd4 4. Bc4 Nf6 5. e5 d5 6. Bb5 Ne4 7. Nxd4 Bc5 8. Be3 Bd7 9. Bxc6 bxc6 10. 0-0 0-0 11. f3 Ng5 12. f4 Ne4 13. Nd2 Nxd2 14. Qxd2 f6 15. Nb3 Bxe3+ 16. Qxe3 Qe7 17. Rae1 fxe5 18. fxe5 Rxf1+ 19. Rxf1 Re8 20. Qxa7 Qxe5 21. Qf2 Qe7 22. a4 g6 23. a5 Bf5 24. Nd4 Be4 25. Nxc6 Qd7 26. Nd4 h5 27. b4 c6 28. Qf6 Rc8 29. a6 Re8 30. Qxc6 Qd8 31. b5 Re5 32. a7 Rg5 33. g3 1-0

[Event "Pula tt2"]
[Site "Pula"]
[Date "1990.??.??"]
[Round "9"]
[White "Sekulic, Vlatko"]
[Black "Cekro, Ekrem"]
[Result "1/2-1/2"]
[WhiteElo "2305"]
[BlackElo "2425"]
[PlyCount "40"]
[EventDate "1990.??.??"]
[EventType "team"]
[EventRounds "11"]
[EventCountry "YUG"]
[SourceTitle "EXT 2000"]
[Source "ChessBase"]
[SourceDate "1999.11.16"]
[SourceVersion "1"]
[SourceVersionDate "1999.11.16"]
[SourceQuality "1"]

1. e4 d6 2. d4 g6 3. Nc3 Bg7 4. Be3 c6 5. Qd2 b5 6. f3 Nd7 7. Nh3 Nb6 8. Nf2 Qc7 9. Be2 Nf6 10. 0-0 0-0 11. a4 b4 12. a5 bxc3 13. axb6 axb6 14. Qxc3 Be6 15. g4 Ra5 16. f4 Rfa8 17. Rab1 Ba2 18. Rbd1 d5 19. e5 Ne4 20. Nxe4 dxe4 1/2-1/2

[Event "Pula tt2"]
[Site "Pula"]
[Date "1990.??.??"]
[Round "10"]
[White "Sekulic, Vlatko"]
[Black "Sindik, Ervin"]
[Result "1/2-1/2"]
[WhiteElo "2305"]
[BlackElo "2355"]
[PlyCount "27"]
[EventDate "1990.??.??"]
[EventType "team"]
[EventRounds "11"]
[EventCountry "YUG"]
[SourceTitle "EXT 2000"]
[Source "ChessBase"]
[SourceDate "1999.11.16"]
[SourceVersion "1"]
[SourceVersionDate "1999.11.16"]
[SourceQuality "1"]

1. e4 c5 2. c3 d5 3. exd5 Qxd5 4. d4 e6 5. Nf3 Nf6 6. Be2 Be7 7. 0-0 0-0 8. c4 Qd8 9. Nc3 Bd7 10. b3 cxd4 11. Nxd4 Nc6 12. Nf3 a6 13. Bb2 Qc7 14. Qc2 1/2-1/2